Massachusetts True or False? - Statistics

General Stats
  • This quiz has been taken 92 times
  • The average score is 9 of 15
Answer Stats
Question Answer % Correct
There are over 10,000 acres of cranberry bog in Massachusetts. True
100%
Boston's North End was once devastated by a 1919 molasses flood. True
100%
In Plymouth, there is a Native American settlement right next to a McDonalds. True
91%
Bobcats and Canada lynx both have large populations in Massachusetts. False
82%
As of 2019, Palau has a larger GDP per capita than Massachusetts. False
73%
The state's demonym is Massachusett. False
73%
The Charles River is the widest river in the state. True
73%
The timber rattlesnake is widespread through New England, found in most of Massachusetts. False
64%
The Pilgrims idea of Thanksgiving was to thank God for a successful harvest. True
55%
The organization Zoo New England includes four zoos, three from Massachusetts. False
45%
The Massachusetts state marine mammal is the right whale. True
45%
Roger Williams was a fierce advocate for the Puritan way of religion False
36%
According to Nipmuc tradition, if a Native American harms a sacred muskrat, doom will befall the entire tribe. False
36%
Black bears are extremely uncommon in Eastern Massachusetts. True
27%
The town of Sandwich is named after the Earl of Sandwich. False
18%
No matching quizzes found
Score Distribution
Percent of People with Each Score
Percentile by Number Answered
Your Score History
You have not taken this quiz